| 000 | 01166nam a2200301 c 4500 | ||
|---|---|---|---|
| 001 | 000030462 | ||
| 003 | RuMoIPM | ||
| 005 | 20260504105612.0 | ||
| 008 | 230210s1976 ru ||||||| |||| ||rus d | ||
| 035 | _a(RuMoBEN) 001968363 | ||
| 035 | _a(ELAR retro) [2022] 000039601 | ||
| 040 |
_aRuMoBEN _brus _ercr |
||
| 041 | 0 |
_arus _heng |
|
| 044 | _aru | ||
| 080 | _a51 | ||
| 100 | 1 | _aПойа, Дьердь | |
| 245 | 1 | 0 |
_aМатематическое открытие _bРешение задач: основные понятия, изучение и преподавание _cД. Пойа ; Пер. с англ. В. С. Бермана ; Под ред. И. М. Яглома |
| 250 | _a2-е изд., стер. | ||
| 260 |
_aМосква _bНаука _c1976 |
||
| 300 |
_a448 с. _bил. |
||
| 500 | _aВ вып. дан. авт.: Джордж Пойа | ||
| 500 | _aПер. изд.: Mathematical discovery / George Polya (New York; London. 1962-1965) | ||
| 504 | _aБиблиогр.: с. 441-443 | ||
| 504 | _aУказ.: с. 444-448 | ||
| 700 | 1 |
_aБерман, В.С. _eпер. |
|
| 700 | 1 |
_aЯглом, Исаак Моисеевич _eред. |
|
| 942 | _cBK | ||
| 999 |
_c30462 _d30462 |
||